000 00705nam a2200205Ii 4500
003 JO-AjNU
008 230605s9999||||xx |||||||||||||| ||und||
017 _a2004/8/2137
040 _aJO-AjNU
_bara
_erda
_cJO-AjNU
041 _aara
050 1 4 _aPJ6171.A286 2004
100 3 _aتاليف أبو مغلي،سميح,
_eauthor
_916660
245 0 0 _aالموجز الكافي في العروض والقوافي
264 3 1 _aعمان: دار يافا للنشر،2004
300 _a96ص
336 _atext
_btxt
_2rdacontent
337 _aunmediated
_bn
_2rdamedia
338 _avolume
_bnc
_2rdacarrier
650 4 _aاللغة العربية-التفعيلات-القوافي-تقطيع الشعر
_916661
999 _aA4987
_c8555
_d8555